Music Quiz

Random Music or Song Quiz

Foody song titles Quiz Stats

 Plays Quiz not verified by Sporcle

Score 0/25 Timer 10:00
0 Plays Today
Hint Answer % Correct
Don Mclean (1971)American Pie
100%
Las Ketchup (2002)The Ketchup Song
100%
Kelis (2003) (a drink;))Milkshake
75%
Louis Armstrong (1965)Cheesecake
50%
The Beach Boys (1967)Vegetables
50%
Little Richard (1957)Tutti Frutti
50%
The Archies (1969)Sugar Sugar
50%
Shakin' Stevens (1987)Hot Dog
50%
U2 (1993)Lemon
50%
Billie Marten (2016)Milk and Honey
50%
Fast Food Rockers (2003)Fast Food Song
25%
Kate Nash (2007)Pumpkin Soup
25%
Harry Nilsson (1971)Coconut
25%
Hint Answer % Correct
MIKA (2007)Lollipop
25%
The Beatles (1967)Strawberry Fields Forever
25%
The Chordettes (1958)Lollipop
25%
DNCE (2015)Cake By The Ocean
0%
The Supremes (1962)Buttered Popcorn
0%
Bing Crosby (1950)A Marshmallow World
0%
Nick Jonas (2016)Bacon
0%
Pink Floyd (1967)Apples and oranges
0%
Fred Heatherton (1944)I've Got a Lovely Bunch of Coconuts
0%
Cameo (1986)Candy
0%
Cat Stevens (1977)Was Dog a Doughnut
0%
Sean Kingston (2009)Ice Cream Girl
0%

You're not logged in!

Compare scores with friends on all Sporcle quizzes.
OR
Log In

Show Comments

Extras

Top Quizzes Today


Score Distribution

Your Account Isn't Verified!

In order to create a playlist on Sporcle, you need to verify the email address you used during registration. Go to your Sporcle Settings to finish the process.

Report this User

Report this user for behavior that violates our Community Guidelines.

Details: